000 01257nam a2200265Ia 4500
003 OSt
005 20220930094710.0
006 a|||||r|||| 00| 0
007 ta
008 220926b |||||||| |||| 00| 0 hin d
024 _a116
037 _cTheses
040 _aCRL
_cCRL
_bhin
041 _2hin
_ahin
100 _aप्रतिमा
110 _aदिल्ली विश्वविद्यालय. संकाय कला. हिन्दी विभाग
245 0 _aपूर्वी दिल्ली की हिंदी में ‘कोड - मिश्रण’ व ‘कोड - अंतरण’
_b समाजभाषा वैज्ञानिक अध्ययन
246 _aPūrvī dillī kī hiandī mean ‘koḍ - mishraṇa’ v ‘koḍ - aantaraṇa’: samājabhāṣhā vaijnyānik adhyayana
260 _c2012
650 _aहिन्दी साहित्य
700 _a गुप्ता, अनीता, गा.
700 _aदिल्ली विश्वविद्यालय. संकाय कला. हिन्दी विभाग
942 _cDIS
_2CC
999 _c887528
_d887528